Resumen de las tareas de la Sociedad Médica La Amiga del Estudio : (Record no. 53368)

MARC details
000 -LEADER
campo de control de longitud fija 00814nam a2200217 i 4500
001 - NÚMERO DE CONTROL
campo de control 53368
003 - IDENTIFICADOR DE NÚMERO DE CONTROL
campo de control ES-MaACL
005 - FECHA Y HORA DE LA ÚLTIMA TRANSACCIÓN
campo de control 20230906162743.0
007 - CAMPO FIJO DE DESCRIPCIÓN FÍSICA--INFORMACIÓN GENERAL
campo de control de longitud fija t|
008 - DATOS DE LONGITUD FIJA--INFORMACIÓN GENERAL
campo de control de longitud fija 950922s1862 sp |||| | spa d
080 ## - NÚMERO DE LA CLASIFICACIÓN DECIMAL UNIVERSAL
Número de la Clasificación Decimal Universal 61:061.236.7(460.27 M.)
110 2# - ENTRADA PRINCIPAL--NOMBRE DE ENTIDAD CORPORATIVA
Nombre de entidad corporativa o nombre de jurisdicción como elemento de entrada Sociedad Médica La Amiga del Estudio.
9 (RLIN) 134900
245 10 - MENCIÓN DEL TÍTULO
Título Resumen de las tareas de la Sociedad Médica La Amiga del Estudio :
Resto del título en el período académico de 1861 a 1862 /
Mención de responsabilidad, etc. leído por Nicolás Escolar y López.
260 ## - PUBLICACIÓN, DISTRIBUCIÓN, ETC.
Lugar de publicación, distribución, etc. Madrid :
Nombre del editor, distribuidor, etc. [s.n.],
Fecha de publicación, distribución, etc. 1862 (
Fabricante Imp. de M. Álvarez)
300 ## - DESCRIPCIÓN FÍSICA
Extensión 40 p. ;
Dimensiones 20 cm.
505 8# - NOTA DE CONTENIDO CON FORMATO
Nota de contenido con formato Contiene además: Discurso del Doctor Rafael Martínez y Molina
700 1# - ENTRADA AGREGADA--NOMBRE PERSONAL
Nombre de persona Escolar y López, Nicolás.
9 (RLIN) 47608
700 1# - ENTRADA AGREGADA--NOMBRE PERSONAL
Nombre de persona Martínez y Molina, Rafael.
9 (RLIN) 78484
852 4# - LOCALIZACIÓN
Ubicación ES-MaACL
Número de control de estantería T-69-F-9
852 4# - LOCALIZACIÓN
Ubicación ES-MaACL
Número de control de estantería T-74-F-10
Holdings
Estatus retirado Estado de pérdida Estado de daño No para préstamo Colección Biblioteca de origen Biblioteca actual Ubicación en estantería Fecha de adquisición Fuente de adquisición Total de préstamos Signatura topográfica completa Código de barras Visto por última vez Precio de reemplazo Tipo de ítem Koha
        Colección de folletos Biblioteca del Ateneo de Madrid Biblioteca del Ateneo de Madrid Depósito folletos 27/10/2014     T-69-F-9 1193299 23/02/2023 23/02/2023 Folleto
        Colección de folletos Biblioteca del Ateneo de Madrid Biblioteca del Ateneo de Madrid Depósito folletos 17/01/2008     T-74-F-10 1056075 23/02/2023 23/02/2023 Folleto